[Event "Asian Continental op (Women) 14th"]
[Site "Al Ain"]
[Date "2015.08.07"]
[Round "6"]
[White "Ezizova, Bagul"]
[Black "Al Dhaffari, Salma"]
[Result "1-0"]
[WhiteElo "1518"]
[BlackElo "1655"]
[PlyCount "75"]
[EventDate "2015.08.02"]
[EventType "swiss"]
[EventRounds "9"]
[EventCountry "UAE"]
[SourceTitle "CBM 167 Extra"]
[Source "ChessBase"]
[SourceDate "2015.09.14"]
[SourceVersion "1"]
[SourceVersionDate "2015.09.14"]
[SourceQuality "1"]

1. e4 c6 2. d4 d5 3. Nc3 dxe4 4. Nxe4 Nf6 5. Nxf6+ gxf6 6. Bc4 Bf5 7. Nf3 Qc7 8. Be3 Nd7 9. Qd2 e6 10. 0-0-0 0-0-0 11. Rhe1 h5 12. Nh4 Bh7 13. Bd3 Bxd3 14. Qxd3 Bd6 15. g3 Kb8 16. Nf3 c5 17. Qc3 c4 18. Nd2 b5 19. a3 Nb6 20. Ne4 b4 21. axb4 Nd5 22. Qd2 Nxb4 23. Nxd6 Qa5 24. Qe2 Na2+ 25. Kb1 Rxd6 26. Bf4 e5 27. dxe5 Nc3+ 28. bxc3 Rb6+ 29. Kc1 Qa3+ 30. Kd2 Rd8+ 31. Ke3 Qxc3+ 32. Ke4 Rxd1 33. Rxd1 Re6 34. Rd6 Qb4 35. Rxe6 c3+ 36. Kf3 fxe6 37. exf6+ e5 38. Qxe5+ 1-0

[Event "Asian Continental op (Women) 14th"]
[Site "Al Ain"]
[Date "2015.08.05"]
[Round "4"]
[White "Al Harmoudi, Mona"]
[Black "Al Dhaffari, Salma"]
[Result "0-1"]
[WhiteElo "1745"]
[BlackElo "1655"]
[PlyCount "62"]
[EventDate "2015.08.02"]
[EventType "swiss"]
[EventRounds "9"]
[EventCountry "UAE"]
[SourceTitle "CBM 167 Extra"]
[Source "ChessBase"]
[SourceDate "2015.09.14"]
[SourceVersion "1"]
[SourceVersionDate "2015.09.14"]
[SourceQuality "1"]

1. d4 Nf6 2. c4 e6 3. Nc3 Bb4 4. e3 b6 5. Nge2 Bb7 6. a3 Bxc3+ 7. Nxc3 d6 8. b4 Ne4 9. Nxe4 Bxe4 10. Qg4 Bg6 11. Bb2 0-0 12. g3 Nd7 13. Bg2 Rc8 14. 0-0 Bd3 15. Rfc1 f5 16. Qd1 Be4 17. Bxe4 fxe4 18. d5 e5 19. Qc2 Qf6 20. Ra2 Qf3 21. Ba1 Qg4 22. Qa4 Qh3 23. Qd1 Rf3 24. Qf1 Qf5 25. Qg2 Nf6 26. h3 Rf8 27. Rf1 h5 28. Kh2 Nh7 29. Bc3 Rxe3 30. fxe3 Qxf1 31. Qxe4 Ng5 0-1

[Event "Sharjah op (Women)"]
[Site "Sharjah"]
[Date "2014.11.18"]
[Round "4"]
[White "Al Fayyadh, Zainab Asif Abdulah"]
[Black "Al Dhaffari, Salma"]
[Result "0-1"]
[WhiteElo "1730"]
[BlackElo "1666"]
[PlyCount "84"]
[EventDate "2014.11.15"]
[EventType "swiss"]
[EventRounds "9"]
[EventCountry "UAE"]
[SourceTitle "CBM 163 Extra"]
[Source "ChessBase"]
[SourceDate "2014.12.23"]
[SourceVersion "1"]
[SourceVersionDate "2014.12.23"]
[SourceQuality "1"]

1. e4 c6 2. d4 d5 3. exd5 cxd5 4. c4 dxc4 5. Bxc4 Nf6 6. Nf3 Nc6 7. d5 Nb8 8. 0-0 g6 9. Bg5 Bg7 10. d6 Qxd6 11. Qxd6 exd6 12. Re1+ Be6 13. Bxe6 fxe6 14. Rxe6+ Kf7 15. Re2 Nc6 16. Nbd2 Rhe8 17. Rxe8 Rxe8 18. Nc4 Re6 19. Rd1 d5 20. Bxf6 dxc4 21. Bxg7 Kxg7 22. Rd7+ Re7 23. Rxe7+ Nxe7 24. Nd4 Kf6 25. Kf1 Ke5 26. Nb5 a6 27. Nc3 b5 28. Ke2 b4 29. Na4 Kd4 30. Nb6 Nd5 31. Nxd5 Kxd5 32. Ke3 a5 33. f4 a4 34. g3 b3 35. axb3 c3 36. Kd3 cxb2 37. Kc2 a3 38. Kb1 Kc5 39. Kc2 Kd4 40. h3 Ke4 41. Kb1 Kd3 42. Ka2 Kc2 0-1

[Event "Sharjah op (Women)"]
[Site "Sharjah"]
[Date "2014.11.16"]
[Round "2"]
[White "Razan, Alshaeby"]
[Black "Al Dhaffari, Salma"]
[Result "1-0"]
[WhiteElo "1798"]
[BlackElo "1666"]
[PlyCount "53"]
[EventDate "2014.11.15"]
[EventType "swiss"]
[EventRounds "9"]
[EventCountry "UAE"]
[SourceTitle "CBM 163 Extra"]
[Source "ChessBase"]
[SourceDate "2014.12.23"]
[SourceVersion "1"]
[SourceVersionDate "2014.12.23"]
[SourceQuality "1"]

1. c4 e6 2. Nc3 d5 3. cxd5 exd5 4. Nf3 c6 5. d4 Bf5 6. Bf4 Nf6 7. e3 Be7 8. h3 0-0 9. Bd3 Bxd3 10. Qxd3 Nbd7 11. 0-0 Re8 12. Rab1 a5 13. a3 Bf8 14. Nd2 h6 15. b4 axb4 16. axb4 Ra3 17. Rfc1 Ne4 18. Ndxe4 dxe4 19. Qc2 f5 20. Na4 Nf6 21. Nc5 Qa8 22. Qc4+ Nd5 23. b5 Kh7 24. bxc6 bxc6 25. Be5 Re7 26. Rb8 Qa5 27. Rxf8 1-0

[Event "Arab-ch U20 Girls"]
[Site "Amman"]
[Date "2014.08.23"]
[Round "2.2"]
[White "Hamlaoui, Asma"]
[Black "Al Dhaffari, Salma"]
[Result "1-0"]
[WhiteElo "1703"]
[BlackElo "1599"]
[PlyCount "165"]
[EventDate "2014.08.22"]
[EventType "swiss"]
[EventRounds "9"]
[EventCountry "JOR"]
[SourceTitle "EXT 2024"]
[Source "ChessBase"]
[SourceDate "2023.10.10"]
[SourceVersion "1"]
[SourceVersionDate "2023.10.10"]
[SourceQuality "1"]

1. e4 c6 2. d4 d5 3. exd5 cxd5 4. Bd3 Nc6 5. c3 Nf6 6. h3 g6 7. Nf3 Bf5 8. 0-0 Bxd3 9. Qxd3 Bg7 10. Nbd2 0-0 11. Ne5 Nd7 12. Nxd7 Qxd7 13. Nf3 Qc7 14. Bg5 e6 15. Qd2 b5 16. Bf4 Qe7 17. a3 a5 18. Rac1 Rfc8 19. Rfe1 a4 20. Qe2 Qb7 21. Ne5 Nxe5 22. Bxe5 Bxe5 23. Qxe5 Qc7 24. Qf6 Qc4 25. Rcd1 Qa2 26. Rb1 Qb3 27. h4 Qc2 28. g4 Qd3 29. f3 Qd2 30. h5 Qh6 31. Kf2 Qg7 32. Qxg7+ Kxg7 33. Rh1 Rg8 34. f4 f5 35. hxg6 hxg6 36. Rbe1 Rae8 37. gxf5 gxf5 38. Reg1+ Kf6 39. Rh6+ Kf7 40. Rh7+ Kf6 41. Rxg8 Rxg8 42. Rb7 Rg4 43. Kf3 Rh4 44. Rxb5 Rh3+ 45. Kg2 Rh4 46. Kg3 Rg4+ 47. Kf3 Rh4 48. Rb4 Rh2 49. Rb8 Rc2 50. Rb6 Rd2 51. Ke3 Rc2 52. Kf3 Rd2 53. Kg3 Rd3+ 54. Kf2 Rd2+ 55. Ke3 Rc2 56. Rb4 Kg6 57. Rxa4 Rxb2 58. Ra8 Rh2 59. a4 Rh3+ 60. Kd2 Rf3 61. a5 Rxf4 62. a6 Rf2+ 63. Kd3 Ra2 64. a7 Kg7 65. Re8 Rxa7 66. Rxe6 f4 67. Ke2 f3+ 68. Kxf3 Rf7+ 69. Ke3 Rf1 70. Kd3 Rf5 71. Re5 Rxe5 72. dxe5 Kf7 73. Ke3 Ke7 74. Kf3 Kf7 75. Kg4 Ke6 76. Kf4 Ke7 77. Kf5 Kf7 78. e6+ Ke7 79. Ke5 d4 80. cxd4 Ke8 81. Kd6 Kd8 82. e7+ Ke8 83. d5 1-0

[Event "Olympiad Women-41"]
[Site "Tromsoe"]
[Date "2014.08.03"]
[Round "2.4"]
[White "Valdivia Cano, Nicole"]
[Black "Al Dhaffari, Salma"]
[Result "1-0"]
[WhiteElo "1550"]
[BlackElo "1599"]
[PlyCount "71"]
[EventDate "2014.08.02"]
[EventType "team-swiss"]
[EventRounds "11"]
[EventCountry "NOR"]
[SourceTitle "CBM 162"]
[Source "ChessBase"]
[SourceDate "2014.09.17"]
[SourceVersion "1"]
[SourceVersionDate "2014.09.17"]
[SourceQuality "1"]
[WhiteTeam "Peru (W)"]
[BlackTeam "United Arab Emirates (W)"]
[WhiteTeamCountry "PER"]
[BlackTeamCountry "UAE"]

1. e4 d5 2. exd5 Qxd5 3. Nc3 Qd6 4. Nf3 Nf6 5. Bc4 Bg4 6. Qe2 Nc6 7. h3 Bh5 8. d3 Nd4 9. Qd1 Bxf3 10. gxf3 c6 11. Ne4 Qc7 12. c3 Nf5 13. Qb3 e5 14. Ng5 Nd6 15. f4 Nxc4 16. Qxc4 Nd5 17. Qe4 f6 18. Nxh7 Bd6 19. fxe5 fxe5 20. Qg6+ Qf7 21. Qxd6 Rxh7 22. Qxe5+ Kd7 23. Qg3 Re8+ 24. Be3 Nf4 25. Kd2 Nd5 26. c4 Qf6 27. d4 Nc7 28. Qg4+ Ne6 29. Rad1 Kc7 30. Kc2 Rh4 31. Qg3+ Kc8 32. Kb1 Nc7 33. Rhg1 Rh7 34. d5 b6 35. d6 Na6 36. d7+ 1-0

[Event "Wch U18 Girls"]
[Site "Al Ain"]
[Date "2013.12.21"]
[Round "4"]
[White "Al Dhaffari, Salma"]
[Black "Bauer, Valentina"]
[Result "1/2-1/2"]
[WhiteElo "1625"]
[BlackElo "1787"]
[PlyCount "78"]
[EventDate "2013.12.18"]
[EventType "swiss"]
[EventRounds "11"]
[EventCountry "UAE"]
[SourceTitle "CBM 158 Extra"]
[Source "ChessBase"]
[SourceDate "2014.02.28"]
[SourceVersion "1"]
[SourceVersionDate "2014.02.28"]
[SourceQuality "1"]

1. d4 d5 2. c4 e6 3. Nc3 Nf6 4. cxd5 exd5 5. Bg5 Be7 6. e3 0-0 7. Qc2 c6 8. h3 Be6 9. Bd3 h6 10. Bh4 Nbd7 11. Nf3 Rc8 12. 0-0 Qc7 13. Rab1 c5 14. Rfc1 c4 15. Be2 a6 16. a4 Rb8 17. Ne5 Nxe5 18. dxe5 Ne8 19. Bxe7 Qxe7 20. Bf3 Nc7 21. Rd1 Rfd8 22. Rd4 Qg5 23. Rbd1 Qxe5 24. Qd2 b5 25. Nxd5 Nxd5 26. Bxd5 Bxd5 27. e4 Rd6 28. f4 Qe7 29. Rxd5 Rxd5 30. exd5 Qd6 31. Qd4 Qb6 32. axb5 Qxd4+ 33. Rxd4 axb5 34. d6 Rd8 35. Rd5 b4 36. Rc5 c3 37. bxc3 bxc3 38. Rxc3 Rxd6 39. Kf2 g6 1/2-1/2

[Event "Wch U18 Girls"]
[Site "Al Ain"]
[Date "2013.12.21"]
[Round "5"]
[White "Soyunlu, Narmin Asat Qizi"]
[Black "Al Dhaffari, Salma"]
[Result "1-0"]
[WhiteElo "1908"]
[BlackElo "1625"]
[PlyCount "53"]
[EventDate "2013.12.18"]
[EventType "swiss"]
[EventRounds "11"]
[EventCountry "UAE"]
[SourceTitle "CBM 158 Extra"]
[Source "ChessBase"]
[SourceDate "2014.02.28"]
[SourceVersion "1"]
[SourceVersionDate "2014.02.28"]
[SourceQuality "1"]

1. c4 e5 2. g3 Nf6 3. Bg2 d5 4. cxd5 Nxd5 5. Nc3 Nb6 6. Nf3 Nc6 7. 0-0 Be7 8. d3 0-0 9. a3 Re8 10. b4 Bf8 11. Nd2 Nd4 12. e3 Nf5 13. Qc2 c6 14. Nb3 Be6 15. Nc5 Bxc5 16. bxc5 Nd7 17. Ne4 Qa5 18. Bd2 Qc7 19. Rfc1 Ne7 20. a4 Nd5 21. Rab1 b6 22. cxb6 axb6 23. Ng5 Qa7 24. Qxc6 Qxa4 25. Bxd5 Bxd5 26. Qxd5 Nf6 27. Qxf7+ 1-0

[Event "Asia U20 Girls op"]
[Site "Sharjah"]
[Date "2013.03.30"]
[Round "1"]
[White "Al Dhaffari, Salma"]
[Black "Vo Thi Kim, Phung"]
[Result "0-1"]
[WhiteElo "1574"]
[BlackElo "2193"]
[PlyCount "54"]
[EventDate "2013.03.30"]
[EventType "swiss"]
[EventRounds "9"]
[EventCountry "UAE"]
[SourceTitle "CBM 153 Extra"]
[Source "ChessBase"]
[SourceDate "2013.04.22"]
[SourceVersion "1"]
[SourceVersionDate "2013.04.22"]
[SourceQuality "1"]

1. d4 Nf6 2. c4 e6 3. Nc3 Bb4 4. Qc2 c5 5. e3 0-0 6. Nf3 Nc6 7. a3 Bxc3+ 8. bxc3 d6 9. Bd3 e5 10. Bb2 Re8 11. Be2 b6 12. 0-0 Ba6 13. Nd2 Na5 14. d5 e4 15. f3 Nxd5 16. cxd5 Bxe2 17. Rf2 Bd3 18. Qd1 c4 19. fxe4 Bxe4 20. Nxe4 Rxe4 21. Qf3 Qe7 22. Raf1 f6 23. Re1 Re8 24. Rfe2 Qe5 25. Kf2 Nb3 26. Rd1 Qxh2 27. Qf5 Nc5 0-1

[Event "Wch U18 Girls"]
[Site "Al Ain"]
[Date "2013.??.??"]
[Round "1"]
[White "Al Dhaffari, Salma"]
[Black "Marikova, Jana"]
[Result "0-1"]
[WhiteElo "1625"]
[BlackElo "2062"]
[PlyCount "84"]
[EventDate "2013.12.18"]
[EventType "swiss"]
[EventRounds "11"]
[EventCountry "UAE"]
[SourceTitle "CBM 158 Extra"]
[Source "ChessBase"]
[SourceDate "2014.02.28"]
[SourceVersion "1"]
[SourceVersionDate "2014.02.28"]
[SourceQuality "1"]

1. d4 Nf6 2. Nf3 g6 3. e3 Bg7 4. Be2 0-0 5. 0-0 d6 6. Nbd2 c5 7. c3 Qc7 8. Re1 b6 9. e4 Nbd7 10. e5 dxe5 11. Nxe5 cxd4 12. cxd4 Nxe5 13. dxe5 Nd5 14. Nf3 Rd8 15. Qb3 Be6 16. Qa4 Bxe5 17. Nxe5 Qxe5 18. Qh4 Rac8 19. Qg5 Qxg5 20. Bxg5 f6 21. Bh4 Nb4 22. Bd3 Nxd3 23. Rxe6 Kf7 24. Re2 Rd4 25. Bg3 Rdc4 26. h3 h5 27. h4 Rc1+ 28. Rxc1 Nxc1 29. Rd2 Nxa2 30. Rd7 a5 31. Rb7 Nc1 32. Rxb6 Ne2+ 33. Kh2 e5 34. Rb5 Ra8 35. f3 Nd4 36. Rb6 Rc8 37. Be1 a4 38. Bc3 Rc4 39. Rb7+ Ke6 40. Rb6+ Kf5 41. Be1 Rc2 42. Kh3 Ne2 0-1